| 000 | 00786nam a22002417a 4500 | ||
|---|---|---|---|
| 003 | LK-CoMWRAF | ||
| 005 | 20240106124113.0 | ||
| 008 | 240106b1992 |||||||| |||| 00| 0 eng d | ||
| 040 |
_aLK-CoMWRAF _dLK-CoMWRAF _eLK-CoMWRAF |
||
| 041 | _aeng | ||
| 082 |
_a415 _bSIR |
||
| 100 | _a Siriwardena, Reggie | ||
| 245 |
_aAddressing the other : _ba three language study in power, personal relations, and second person pronouns |
||
| 260 |
_a Colombo: _b International Centre for Ethnic Studies, _c1992 |
||
| 300 | _a 75 p. ; 22 cm. | ||
| 490 | _aICES monograph series | ||
| 650 | _aEnglish language- Pronoun | ||
| 650 | _aEnglish language -Social aspects | ||
| 650 | _aRussian language- Pronoun | ||
| 650 | _aSinhalese language- Pronoun | ||
| 650 | _aSociolinguistics | ||
| 942 | _cBK | ||
| 999 |
_c4593 _d4593 |
||